000 00845nam a2200301 a 4500
003 AR-BaBNM
005 20251128205637.0
008 082120s2002 ||||||||||||||000 | spa||
020 _a950-530-276-2
040 _cAR-BaBNM
100 1 _aLozano, Pedro
245 0 0 _aHistoria de la conquista del Paraguay, Río de la Plata y el Tucumán
250 _a1ª ed.
260 _aBuenos Aires
_bSecretaría de Cultura de la Nación
_bGram Editora
_c1994
300 _a113 p.
490 0 _aIdentidad nacional
_vv. 68
500 _aNotas p. 111-112
650 4 _aHISTORIA SOCIAL
650 4 _aMISIONES JESUITICAS
650 4 _aHISTORIA LATINOAMERICANA
650 4 _aECONOMIA
650 4 _aGANADERIA
650 4 _aAGRICULTURA
651 4 _aParaguay
700 1 _aCarretero, Andrés M.
_eprologuista
942 _cBK
998 _cMariana
999 _c12209
_d12209